Стенограмма 2-го Заседания Пленума 4-й Сессии ЦИК СССР 7-го созыва. /Утро/ /Авторско-редакц./

Доступно только в Электронных читальных залах Найти на картеНа карте
RUSMARC
00004508nac2a22003013x 450
001af33c618-2622-4eac-9648-9d4138d2bfed
00520210719215703.0
100##$a20210612l1937 k y0rusy50 ca
1010#$arus
102##$aRU
105##$ay z |||||
1220#$ad19370708
2001#$aСтенограмма 2-го Заседания Пленума 4-й Сессии ЦИК СССР 7-го созыва. /Утро/ /Авторско-редакц./
$j08.07.1937
215##$a92 листа
251##$cДело
300##$aЗаголовок дела на папке: Стенограмма 2-го Заседания Пленума 4-й Сессии ЦИК СССР VII-го созыва. 8 июля 1937 г. (утро)
300##$aАвторско-редакционный экземпляр
300##$aМашинописный и рукописный текст
330##$aВходит в раздел описи: VII-й Съезд Советов. 4-я Сессия ЦИК СССР
461#0$1001796d4672-8a00-4986-b488-6e42273792cc
$12001
$aЦЕНТРАЛЬНЫЙ ИСПОЛНИТЕЛЬНЫЙ КОМИТЕТ СССР (ЦИК СССР)
$1251
$cФонд
$1852
$j3316
$gР
462#0$10012246e4af-064a-4b66-b386-cae0ddb7fb2d
$12001
$aДела 7-го Съезда Советов и 1-й, 2-й, 3-й, 4-й Сессий 7-го созыва. 1935-1937 гг.
$vД. 213
$1251
$cОпись
$1852
$j7
5171#$aСтенограмма 2-го Заседания Пленума 4-й Сессии ЦИК СССР VII-го созыва. 8 июля 1937 г. (утро)
60101$3RU\NLR\AUTH\880357276
$aСССР
$bЦИК
60102$3RU\NLR\AUTH\880399378
$aСССР
$bЦИК
$bСозыв
$c7
$bСессия
$d4
60102$aСССР. ЦИК. Созыв (7). Сессия (4). Заседание Пленума (2)
801#0$aRU
$bGA_RF
801#1$aRU
$bГлавНИВЦ
$c20210612
$2rusmarc
801#2$aRU
$bПБ им. Б.Н. Ельцина
$c20210719
$gRCR
$2rusmarc
852##$aГА РФ
$j213
937##$d166428429
$hГАРФ
035##$aRuPRLIB51060665
856##$uhttp://readingroom.main.prlib.ru/item.aspx?id_node=n166428429&mode=full
Формат отображения